000 00703nam a2200241Ia 4500
003 OSt
005 20220923214713.0
006 a|||||r|||| 00| 0
007 ta
008 220922b |||||||| |||| 00| 0 hin d
024 _a171,819
037 _cTextual
040 _aARTS
_cARTS
_bhin
041 _2hin
_ahin
082 _aO152,3N291,SA, K0
100 _aयादव, राजेन्द्र
_9156270
245 0 _aसारा आकाश
246 _aSārā ākāsha
260 _c1960
650 _aहिन्दी साहित्य
_9156264
942 _hO152,3N291,SA, K0
_cTEXL
_2CC
999 _c325960
_d325960